Dune Characters - Statistics

General Stats
  • This quiz has been taken 350 times
  • The average score is 12 of 24
Answer Stats
Hint Answer % Correct
House Atreides Duke Paul Atreides
95%
House Atreides Duke Leto Atreides I
87%
House Atreides Duke Leto Atreides II
87%
House Atreides Lady Jessica Atreides
85%
Fremen Chani
83%
House Harkonnen Baron Vladimir Harkonnen
77%
Fremen Stilgar
73%
House Atreides Duncan Idaho
70%
House Atreides Gurney Halleck
62%
House Atreides Duchess Alia Atreides
52%
House Harkonnen Baron Feyd-Rautha Harkonnen
50%
House Atreides Thufir Hawat
49%
Fremen Jamis
39%
House Corrino Princess Irulan Corrino
39%
House Corrino Emperor Shaddam Corrino IV
37%
Fremen Judge of the Change Liet-Kynes
35%
House Harkonnen Piter de Vries
31%
House Harkonnen Glossu "Beast" Rabban
29%
House Atreides Dr. Wellington Yueh
28%
Fremen Harah
18%
House Corrino Reverend Mother Helena Gaius Mothiam
15%
Fremen Shadout Mapes
14%
House Corrino Count Hasimir Fenring
9%
Fremen Judge of the Change Pardot-Kynes
5%
No matching quizzes found
Score Distribution
Percent of People with Each Score
Percentile by Number Answered
Your Score History
You have not taken this quiz